Experiencias de lectoescritura: en el nivel inicial
Збережено в:
| Автори: | , |
|---|---|
| Формат: | Книга |
| Мова: | Іспанська |
| Опубліковано: |
Buenos Aires
Actilibro
1992
|
| Предмети: | |
| Теги: |
Додати тег
Немає тегів, Будьте першим, хто поставить тег для цього запису!
|
MARC
| LEADER | 00000nam a2200000 a 4500 | ||
|---|---|---|---|
| 001 | UCY3382 | ||
| 003 | CL-VaPUC | ||
| 008 | 941222e19920000AG |||||||||||||||||spa|d | ||
| 082 | 0 | 4 | |a 372.414 |b VIE |2 21 |
| 100 | 0 | |a Vieytes de Iglesias, Martha |e author |9 331655 | |
| 700 | 0 | |a López Blasig de Jaimes, Susana Graciela |e author |9 331656 | |
| 245 | 1 | 0 | |a Experiencias de lectoescritura: en el nivel inicial |
| 300 | |a 330 p | ||
| 942 | |c BK | ||
| 945 | |d 19941222 00:00:00 |a rbrito | ||
| 260 | |a Buenos Aires |b Actilibro |c 1992 | ||
| 650 | 7 | |a LECTURA ELEMENTAL |2 CL-VaPUC |9 307633 | |
| 650 | 7 | |a FACILIDAD DE LECTURA |2 CL-VaPUC |9 310263 | |
| 650 | 0 | |a Métodos de estudio |9 260518 | |
| 583 | |a last modification |c 19941222 00:00:00 |k Rodrigo Vera | ||
| 999 | |c 231535 |d 231533 | ||
| 952 | |0 0 |1 0 |4 0 |6 372_414000000000000_VIE_1992 |7 0 |8 A |9 234874 |a BIBEDU |b BIBEDU |d 2019-11-15 |i 3036502 |o 372.414 VIE 1992 |p 3036502 |r 2019-11-15 |w 2019-11-15 |y BK |k EPE | ||